Widok standardowy
Widok MARC
Pozycja Personal Name
Liczba rekordów, w których użyto hasła: 1
001 - Numer kontrolny
- control field: 39677
003 - Identyfikator numeru kontrolnego
- control field: NUKAT
005 - Data i czas ostatniej modyfikacji
- control field: 20260408144825.0
008 - Dane kontrolne kodowane (40 znaków)
- fixed length control field: 121116n||aaznnbabn |a ana |c
010 ## - Numer kontrolny Biblioteki Kongresu
- numer kontrolny LC: sx2009233512
040 ## - Instytucja sporządzająca rekord
- inst. przygot. dane do rek. khw: WR O/KS
- język haseł przedmiotowych/tezaurus: kaba
- inst. wprow. rek. khw: WR O/KS
100 0# - Hasło - nazwa osobowa
- nazwa osobowa w formie ujednoliconej: Stefan Wyszyński
- dopowiedzenie inne niż daty biograficzne: (błogosławiony ;
- daty biograficzne: 1901-1981)
- określnik formy/nie używ.: fotografie.